01644nam a22002297a 4500003000900000008004100009040007100050082002500121110003500146245003600181260008300217300004500300440006300345505080700408650002801215650002901243650003601272650001901308700002701327700002601354710003401380AR-CdUCM190425b ||||| |||| 00| 0 spa d aMUNICIPALIDAD PROVINCIAL DEL CUSCOcBIBLIOTECA MUNICIPAL DEL CUSCO aParlante/N°108/2011 aCentro Guamán Poma de Ayala  aParlante :bRevista del Cusco / aCusco :bCentro de Educación y Comunicación Guamán Poma de Ayala,c2011. a36 páginas. :bilustraciones ;c30 cm. aParlante revista del Cusco.nAño 26, N°108, julio 2011. aContenido: Equidad y empoderamiento claves para las políticas de desarrollo humano en América Latina. Alfonso Dubois. -- Lecciones de las elecciones. Luis Nieto Degregori. -- Racismo en el Facebook, tengo el orgullo de ser peruano. Jorge Vargas Prado. -- Hacemos de la cocina un orgullo, un sabroso operativo con el chef peruano Gastón Acurio. Cesar Venero. -- El Cusco y sus peligros. Eliana Ricalde. -- Casas propia en el Centro Histórico no es un sueño, una realidad. Carlos Salas. -- Asociaciones de consumidores. Juan Galiano. -- La biodiversidad en riesgo. Juan Gil Mora. -- Salud en el Perú mirando a los vecinos. Abel Laurent. -- Seguridad alimentaria hacia donde vamos. -Juan Galiano. -- Centenario del descubrimiento de Machupicchu, el hombre dónde estuvo. Luis Nieto Degregori. aActualidad y política aCentro Histórico Cusco aEducación, cultura y deportes aMedio ambiente aVenero Torres, César aNieto Degregori, Luis aCentro Guamán Poma de Ayala